000 01139nab a2200205 i 4500
001 170440
003 ES-MaACL
005 20231229063057.0
008 090305m18861887sp 000 0 spa d
100 1 _aSilvela, Francisco,
_d1845-1905
_9106425
245 1 0 _aOrígenes, historia y caracteres de la prensa española - Mejía, Fígaro, Sartorius, Lorenzana, Carlos Rubio : 32ª conferencia [del ciclo "La España del siglo XIX", Ateneo Científico, Literario y Artístico de Madrid] /
_corador, Francisco Silvela.
610 2 4 _aAteneo de Madrid-
_vConferencias-
_yS.XIX.
_91910
610 2 4 _aAteneo de Madrid-
_vObras digitalizadas.
_91930
650 4 _aPrensa-
_zEspaña-
_vHistoria.
_9227129
773 0 _tLa España del siglo XIX : colección de conferencias históricas celebradas durante el curso de 1885-86 [y curso de 1886-87],
_dMadrid : Librería de Don Antonio San Martín, 1886-1887,
_gT. 3, p. 221-248
_082158
_985194
_w82158
856 4 _uhttp://www.ateneodemadrid.com/biblioteca_digital/folletos/Folletos-0120.pdf
_zVer documento
942 _cANAM
_2udc
999 _c170440
_d170440